000
00181 a2200097 4500
020
_a
9789582402419
041
_a
spa
100
_a
Santillana
245
_a
Matematicos 6
942
_c
BK
999
_c
16086
_d
16086